| 000 | 00705cam a22002413a 4500 | ||
|---|---|---|---|
| 001 | 3380 | ||
| 003 | PGUSA | ||
| 005 | 20140828083031.0 | ||
| 008 | 041022s2004||||xxu|||||s|||||000 1 eng d | ||
| 040 |
_aPGUSA _beng |
||
| 042 | _adc | ||
| 050 | 4 | _aPS | |
| 100 | 1 |
_aHowells, William Dean, _d1837-1920 |
|
| 245 | 1 | 0 |
_aStaccato Notes of a Vanished Summer (from Literature and Life) _h[electronic resource] / _cWilliam Dean Howells |
| 260 |
_bProject Gutenberg, _c2004 |
||
| 506 | _aPublic domain in the USA. | ||
| 516 | _aElectronic text | ||
| 653 | _aShort stories | ||
| 653 | _aMaine -- Fiction | ||
| 830 | 0 |
_aProject Gutenberg _v3380 |
|
| 856 | 4 | 0 | _uhttp://www.gutenberg.org/ebooks/3380 |
| 942 | _cEB | ||
| 999 |
_c232709 _d232709 |
||